000 00458nam a2200181Ia 4500
001 5036
005 20260306145838.0
008 260306t2014||||xx |||||||||||||| ||spa||
041 _aESP
082 _a332.678
_bA32
100 _aAguirre Valdez, Jesús
_eAUT
245 0 _aFundamentos para la formulación y evaluación de proyectos
260 _c2014
300 _a218 páginas :
_c24 cm.
650 _aGEN
654 _aCAN
942 _cLIB
_dJUS
_fJUS
_2ddc
_n
999 _c5036
_d5036